| 000 | 00953nam a2200265 i 4500 | ||
|---|---|---|---|
| 001 | bg | ||
| 245 | 0 | 0 |
_aWytyczne projektowania dróg III, IV i V klasy technicznej : _bWPD-2 / _c[aut. Tadeusz Sandecki - aut. prowadzący et al.] ; Generalna Dyrekcja Dróg Publicznych. |
| 260 |
_aWarszawa : _bBiuro Projektowo-Badawcze Dróg i Mostów "Transprojekt-Warszawa", _c1995. |
||
| 300 |
_a[4], 174 s. : _brys., wykr. ; _c24 cm. |
||
| 500 | _aZałącznik Nr 2 do zarządzenia nr 5/95 Generalnego Dyrektora Dróg Publicznych z dnia 31 marca 1995 r. | ||
| 504 | _aBibliogr. s. 172-174. | ||
| 650 | 4 |
_aDrogi _xbudownictwo _xprojekty |
|
| 650 | 4 |
_aKomunikacja drogowa _xprojekty |
|
| 650 | 4 | _aInstrukcje | |
| 700 | 1 | _aSandecki, Tadeusz. | |
| 020 | _a8390337002 | ||
| 040 | _cBPK | ||
| 041 | 0 | _apl | |
| 080 | _a625.7/.8 | ||
| 080 | _a656.1 | ||
| 080 | _a(083.1) | ||
| 920 | _a83-903370-0-2 | ||
| 942 | _cKS | ||
| 008 | s pl f |000 0 pol | ||
| 999 |
_c38685 _d38685 |
||
| 856 |
_uhttp://koha.tu.koszalin.pl/cgi-bin/koha/opac-detail.pl?biblionumber=38685 _yKatalog online BPK |
||